Normal view MARC view
  • DR. M.S. VINSI

Entry Personal Name

Number of records used in: 1

001 - CONTROL NUMBER

  • control field: 106168

003 - CONTROL NUMBER IDENTIFIER

  • control field: OSt

005 - DATE AND TIME OF LATEST TRANSACTION

  • control field: 20230110080621.0

008 - FIXED-LENGTH DATA ELEMENTS

  • fixed length control field: 230110|| aca||aabn | a|a d

040 ## - CATALOGING SOURCE

  • Original cataloging agency: OSt
  • Transcribing agency: OSt

100 ## - HEADING--PERSONAL NAME

  • Personal name: DR. M.S. VINSI

670 ## - SOURCE DATA FOUND

  • Source citation: Work cat.: (OSt)83758: DR. M.S. VINSI, A STUDY TO ASSESS THE EFFECTIVENESS OF PROTOCOL REGARDING SPECIFIC HEALTH SERVICES PROVIDED BY ANGANWADI WORKERS UNDER ICDS PROGRAMME IN SELECTED RURAL COMMUNITY IN CHATTISHGARH, 2022